| 000 | 00511nam a2200193 a 4500 | ||
|---|---|---|---|
| 005 | 20210219152909.0 | ||
| 008 | 991125n 000 0 spa u | ||
| 035 | _aUPN01000066141 | ||
| 222 | _aCOMUNICACION EDUCATIVA SEP | ||
| 245 | _aLas bibliotecas no deben ser meros depósitos de libros | ||
| 260 | _aMéxico | ||
| 300 | _a3 | ||
| 362 | 0 | _a1987 Año 4, No. 42, mar. | |
| 653 | 0 | _aBIBLIOTECAS | |
| 653 | 0 | _aMEXICO | |
| 653 | 0 | _aSERVICIOS BIBLIOTECARIOS | |
| 904 |
_aAC _b003952 |
||
| 905 | _aArticulo | ||
| 999 |
_c63326 _d63326 |
||